Language Quiz

Random Language or French Quiz
Score 0/16 Timer 10:00
0 Plays Today
Sentence Enter D for 'de' and S for 'des' % Correct
Peu __ moutons sont noirs???
95.1%
Il y a trop __ bruit???
89.6%
Beaucoup __ personnes pense???
73.6%
J’ai vu __ animaux???
73.6%
Je lui offre __ fleurs???
73.6%
Plein __ pays sont???
72%
Un grand nombre __ gens pense que???
69.7%
Elle a les yeux comme __ billes???
68.7%
Sentence Enter D for 'de' and S for 'des' % Correct
La minorité __ moutons sont noirs???
62.9%
Je lui offre __ jolies fleurs???
54.7%
La plupart __ gens pense que???
53.1%
La moitié __ pays sont???
51.8%
La majorité __ personnes pense???
48.9%
Elle a les yeux comme __ grosses billes???
47.9%
J’ai vu __ petits animaux???
47.6%
Beaucoup __ gens qui sont venues a la fête étaient ivres???
32.9%
Remove Ads.
Support Sporcle.
Get the best of Sporcle when you Go Orange. This ad-free experience offers more features, more stats, and more fun while also helping to support Sporcle. Thank you for becoming a member.

You're not logged in!

Compare scores with friends on all Sporcle quizzes.
OR
Log In

Show Comments

Extras

Top Quizzes Today


Score Distribution

Your Account Isn't Verified!

In order to create a playlist on Sporcle, you need to verify the email address you used during registration. Go to your Sporcle Settings to finish the process.

Report this User

Report this user for behavior that violates our Community Guidelines.

Details: